| 000 | 00640nam a2200205 a 4500 | ||
|---|---|---|---|
| 005 | 20240925064240.0 | ||
| 008 | 991125s1982 mad 000 0 spa u | ||
| 020 | _a8420722855 | ||
| 035 | _aUPN01000044449 | ||
| 049 | _aCG | ||
| 050 | 4 |
_aBF721 _bH4.68 |
|
| 100 | 1 | _aHetherington, E. Mavis | |
| 245 | 1 | 0 |
_aPerspectivas actuales de la psicología infantil / _cE. Mavis Hetherington, Ross D. Parke ; tr. Ricardo Sánchez Ortíz de Urbina. |
| 260 |
_aMadrid : _bAnaya, _c1982. |
||
| 300 |
_a487 p. _bil. |
||
| 440 | 0 | _aCiencias de la educación | |
| 650 | 4 |
_aNiño, Estudio del _9221 |
|
| 700 | 1 |
_aParke, Ross D., _ecoaut. |
|
| 905 | _aLibro | ||
| 999 |
_c44449 _d44449 |
||